01583nam a22003857a 4500001000700000003000900007005001700016007000300033008003900036020001700075040003000092082002900122100004300151245007500194250000600269264005000275300004800325336002900373337003500402338003100437490002500468500004300493500000600536590002700542650003500569650003600604650003600640700002700676910005000703942001200753952013500765952014000900952014001040999001701180000684DO-SdBPM20250901103423.0ta161111b2007 ag a |||| 00| 0 spa d a987040071 X  aDO-SdBPMbspacBPMSUerda 4aA863.6 bP473p 20072221 aPescetti, Luis Maríad1958- eautor 13aEl pulpo está crudo /cLuis María Pecetti. ilustraciones de O'Kif. a  aBuenos Aires, Argentina bAlfaguara, c2007. a62 págianas :bilustraciones ; c20 cm.  atexto btxt2rdacontent  asin mediación bn2rdamedia  avoluemen bnc2rdacarrier 0 aAlfaguara Infantil.  aPara niños a partir de los 8 años. a  aInventariado, 20225/VM 7aCuentos infantiles argentinos. 7aHumorismovCuentos infantiles.  7aLibros ilustrados para niños 1 aO'Kif.eilustración  aLOPEREZ/ VMateo V. Control de calidad. BPMSU  2ddccBK 00102ddc708CI-GaBPMETbBPMETd2016-11-11eAlfaguaral0oBPMSU CGI A863.6 P473p 2007pBPMSU16111199r2016-11-11w2016-11-11yBK 00102ddc708CI-GaBPMETbBPMETd2016-11-11eAlfaguaral0oBPMSU CGI A863.6 P473p 2007pBPMSU16111225r2016-11-11te.2w2016-11-11yBK 00102ddc708CI-GaBPMETbBPMETd2016-11-11eAlfaguaral0oBPMSU CGI A863.6 P473p 2007pBPMSU16111226r2016-11-11te.3w2016-11-11yBK c11905d11905